Left Behind Series Quiz Stats

 Plays Quiz Updated Jun 19, 2014

Support Sporcle.
Go Orange.
Score 0/16 Timer 06:00
1 Play Today
Book # Book % Correct
4Left Behind
92.1%
5Tribulation Force
46.8%
6Nicolae
42.9%
11The Mark
40.2%
14Armageddon
37.7%
15Glorious Appearing
37.5%
3The Rapture
37.3%
8Apollyon
37.1%
Book # Book % Correct
7Soul Harvest
34.3%
9Assassins
33.9%
1The Rising
33.4%
13The Remnant
29.4%
10The Indwelling
28.9%
12Desecration
28.5%
2The Regime
27%
16Kingdom Come
26.3%

You're not logged in!

Compare scores with friends on all Sporcle quizzes.
OR
Log In
Forgot?

From the Vault

History: Behind The Scenes!

by Aprilli

History 6m
If you wanna know what REALLY happened, these images have the scoop.
Remove Ads.
Support Sporcle.
Get the best of Sporcle when you Go Orange. This ad-free experience offers more features, more stats, and more fun while also helping to support Sporcle. Thank you for becoming a member.

Show Comments

Extras

Top Quizzes Today


Score Distribution

Your Account Isn't Verified!

In order to create a playlist on Sporcle, you need to verify the email address you used during registration. Go to your Sporcle Settings to finish the process.

Report this User

Report this user for behavior that violates our Community Guidelines.

Details: